Sports Quiz

Random Sports or Basketball Quiz

NBA Teams In Alphabetical Order Quiz Stats

 Plays Quiz not verified by Sporcle

Score 0/30 Timer 05:00
0 Plays Today
% Correct
Atlanta Hawks
93.4%
Boston Celtics
87.4%
Chicago Bulls
68.9%
Charlotte Bobcats
67.8%
Cleveland Cavaliers
64.5%
Denver Nuggets
62.8%
Dallas Mavericks
62.3%
Los Angeles Clippers
58.5%
Detroit Pistons
57.9%
Golden State Warriors
57.4%
Los Angeles Lakers
57.4%
Houston Rockets
56.3%
Miami Heat
55.2%
Indiana Pacers
54.6%
Washington Wizards
54.1%
% Correct
Memphis Grizzlies
51.9%
New Jersey Nets
51.9%
Milwaukee Bucks
50.8%
Minnesota Timberwolves
50.8%
New York Knicks
49.7%
Orlando Magic
49.7%
Utah Jazz
48.1%
San Antonio Spurs
47.5%
New Orleans Hornets
47%
Oklahoma City Thunder
47%
Philadelphia 76ers
46.4%
Toronto Raptors
45.9%
Phoenix Suns
44.8%
Portland Trailblazers
44.8%
Sacramento Kings
43.7%

You're not logged in!

Compare scores with friends on all Sporcle quizzes.
OR
Log In

Show Comments

Extras

Top Quizzes Today


Score Distribution

Your Account Isn't Verified!

In order to create a playlist on Sporcle, you need to verify the email address you used during registration. Go to your Sporcle Settings to finish the process.

Report this User

Report this user for behavior that violates our Community Guidelines.

Details: